Mamita Yunai

Guardat en:
Dades bibliogràfiques
Autor principal: Fallas, Carlos Luis
Format: Llibre
Idioma:Undetermined
Publicat: San José, Costa Rica Principios 1966
Matèries:
Etiquetes: Afegir etiqueta
Sense etiquetes, Sigues el primer a etiquetar aquest registre!

MARC

LEADER 00000nam a2200000Ia 4500
008 170316s9999 xx 000 0 und d
040 |a cru BVZT 
090 |a 868 F-2ma 
100 |a Fallas, Carlos Luis 
245 |a Mamita Yunai 
260 |a San José, Costa Rica 
260 |b Principios 
260 |c 1966 
300 |a 355 páginas 
650 |a LITERATURA COSTARRICENSE 
999 |c 11030  |d 11030 
942 |c 15 D  |h 868 F-2ma  |2 z